The concise oxford dictionary of current English : based on the Oxford English dictionary and its supplements

Bibliographic Details
Other Authors: Fowler, H.W (Editor), Fowler., F.G (Editor), Sykes, J. B. (Editor)
Format: Book
Language:English
Published: Oxford : Oxford University Press 1982
Edition:Seventh edition
Subjects:

MARC

LEADER 00000cam a2200000 7i4500
001 0000000967
005 20240912.0
008 991125 enk eng
020 |a 0198611315 (hbk) 
040 |a INS   |b eng   |e rda 
090 0 0 |a RPE1628   |b .C68 1982 
245 0 4 |a The concise oxford dictionary of current English :   |b based on the Oxford English dictionary and its supplements   |c edited by J. B. Sykes 
250 |a Seventh edition 
264 1 |a Oxford :   |b Oxford University Press   |c 1982 
300 |a xx, 1258 pages ;   |c 22 cm. 
336 |a text  |2 rdacontent 
337 |a unmediated  |2 rdamedia 
338 |a volume  |2 rdacarrier 
500 |a "First edited by H.W. Fowler and F.G. Fowler." 
650 0 |a English language   |x Dictionaries 
650 0 |a English language   |x New words   |x Dictionaries 
700 1 |a Fowler, H.W. ,   |e editor 
700 1 |a Fowler., F.G. ,   |e editor 
700 1 |a Sykes, J. B. ,   |e editor 
999 |a 0000001093   |b BOOK   |c Red Spot   |e Default branch 
999 |a 0000001920   |b BOOK   |c Red Spot   |e Default branch